[Event "Open"]
[Site "Dubai UAE"]
[Date "2002.04.15"]
[Round "1"]
[White "Alqudaimi,B"]
[Black "Acs,P"]
[Result "0-1"]
[WhiteElo "2237"]
[BlackElo "2526"]

1.e4 c5 2.Nf3 d6 3.d4 cxd4 4.Nxd4 Nf6 5.Nc3 Nc6 6.Bg5 e6 7.Qd2 a6 8.O-O-O Bd7
9.f4 b5 10.Qe3 Qb6 11.Bxf6 gxf6 12.Nf5 Qc5 13.Qxc5 dxc5 14.Ne3 c4 15.g3 Bc5
16.Ng4 Be7 17.Bh3 h5 18.Ne3 O-O-O 19.Bg2 h4 20.Ne2 Rdg8 21.Bf3 Rg6 22.Ng2 h3
23.Nh4 Rgg8 24.f5 Bc5 25.Rhf1 Ne5 26.Nd4 Rd8 27.fxe6 fxe6 28.Be2 Rhf8 29.c3 Kc7
30.Rf4 Nd3+ 31.Bxd3 e5 32.Rff1 cxd3 33.Ndf5 Bc6 34.Rfe1 Bf2 35.Rf1 Bc5 36.b4 Bb6
37.Ng6 Rf7 38.Rfe1 a5 39.a3 axb4 40.axb4 Rfd7 41.Kb2 Bb7 42.Rd2 Rg8 43.Ngh4 Rg5  0-1

[Event "chJ-POL b20"]
[Site "Trzebinia POL"]
[Date "2002.04.15"]
[Round "5"]
[White "Mista,A"]
[Black "Czarnota,P"]
[Result "1/2-1/2"]
[WhiteElo "2435"]
[BlackElo "2307"]

1.e4 c5 2.Nf3 d6 3.d4 cxd4 4.Nxd4 Nf6 5.Nc3 Nc6 6.Bg5 e6 7.Qd2 a6 8.O-O-O Bd7
9.f3 Qc7 10.Kb1 Be7 11.h4 h6 12.Be3 h5 13.Bd3 Ne5 14.Bg5 b5 15.f4 Neg4 16.Rhf1 Qb7
17.Rde1 Qb6 18.Nf3 b4 19.Nd1 e5 20.fxe5 dxe5 21.Ne3 Nxe3 22.Bxe3 Qc7 23.Ng5 O-O
24.Qe2 Bg4 25.Qf2 a5 26.Qg3 a4 27.Nf3 Bxf3 28.Rxf3 a3 29.b3 Ng4 30.Bc1 Qd8
31.Qh3 g6 32.g3 Rc8 33.Qg2 Kg7 34.Qe2 Bc5 35.Bc4 Qd6 36.Rd1 Bd4 37.Bd2 Rcd8
38.c3 bxc3 39.Bxc3 Qb6 40.Rdf1 f6 41.Bd2 Rc8 42.Bc1 Qd6 43.Rd1 Rc7 44.Qd2 Rb8
45.Bd5 Rbc8 46.Qa5 Ra7 47.Qd2  1/2-1/2

[Event "Open"]
[Site "Dubai UAE"]
[Date "2002.04.16"]
[Round "2"]
[White "Janahi,Z"]
[Black "Shetty,R"]
[Result "1/2-1/2"]
[WhiteElo "2166"]
[BlackElo "2335"]

1.e4 c5 2.Nf3 Nc6 3.d4 cxd4 4.Nxd4 Nf6 5.Nc3 d6 6.Bg5 a6 7.Qd2 Qb6 8.O-O-O e6
9.f3 Qxd4 10.Qxd4 Nxd4 11.Rxd4 Bd7 12.Be2 h6 13.Bh4 Bc6 14.Rd2 Be7 15.Bg3 e5
16.Rdd1 b5 17.a3 O-O 18.Bh4 g5 19.Bf2 Rfc8 20.Be3 Kh7 21.Rhf1 Rg8 22.g4 Ne8
23.Nd5 Bxd5 24.Rxd5 Nc7 25.Rd2 Ne6 26.Kb1 Rgc8 27.c3 Rab8 28.Rc1 Kg7 29.Rd5 Rc6
30.b3 Nc7 31.Rd3  1/2-1/2

[Event "City-ch"]
[Site "St-Petersburg RUS"]
[Date "2002.04.16"]
[Round "1"]
[White "Klimov,S"]
[Black "Loginov,Va"]
[Result "1/2-1/2"]
[WhiteElo "2433"]
[BlackElo "2524"]

1.e4 c5 2.Nf3 d6 3.d4 cxd4 4.Nxd4 Nf6 5.Nc3 Nc6 6.Bg5 e6 7.Qd2 a6 8.O-O-O Qb6
9.f4 Bd7 10.Nf3 Rc8 11.Kb1 Ng4 12.Re1 h6 13.Bh4 g5 14.h3 gxh4 15.hxg4 Bg7
16.Rxh4 Nd4 17.e5 Nxf3 18.gxf3 d5 19.f5 Bf8 20.fxe6 fxe6 21.Bd3 Bb4 22.Rxh6 Rg8
23.Kc1 d4 24.Qf2 Qa5 25.Reh1 dxc3 26.Rh8 Qxa2 27.Rxg8+ Kf7 28.Rg7+ Kxg7 29.Rh7+ Kg8
30.Rh8+ Kg7 31.Rh7+ Kg8 32.Rh8+ Kg7  1/2-1/2

[Event "chJ-POL b20"]
[Site "Trzebinia POL"]
[Date "2002.04.16"]
[Round "6"]
[White "Barglowski,F"]
[Black "Zawadzki,S"]
[Result "0-1"]
[WhiteElo "2262"]
[BlackElo "2407"]

1.e4 c5 2.Nf3 d6 3.d4 cxd4 4.Nxd4 Nf6 5.Nc3 Nc6 6.Bg5 e6 7.Qd2 a6 8.O-O-O h6
9.Be3 Be7 10.f4 Bd7 11.Be2 Rc8 12.Bf3 Na5 13.Qe2 Nc4 14.Bf2 Qc7 15.Qd3 b5
16.g4 g5 17.fxg5 hxg5 18.h4 Ne5 19.Qe2 gxh4 20.Bxh4 b4 21.Nb1 Qc4 22.Qf2 Qxa2
23.c3 bxc3 24.Nxc3 Qa1+  0-1

[Event "Golden Cleopatra"]
[Site "Cairo EGY"]
[Date "2002.04.17"]
[Round "11"]
[White "Abdel Fadil,M"]
[Black "Elkadi,A"]
[Result "0-1"]
[WhiteElo "2182"]
[BlackElo "2157"]

1.e4 c5 2.Nf3 Nc6 3.d4 cxd4 4.Nxd4 Nf6 5.Nc3 d6 6.Bg5 e6 7.Qd2 Be7 8.O-O-O O-O
9.f4 h6 10.Bh4 e5 11.Nf5 Bxf5 12.exf5 exf4 13.Qxf4 d5 14.Kb1 d4 15.Bxf6 Bxf6
16.Bc4 Be5 17.Qe4 Qa5 18.Nd5 Qc5 19.Bb3 Kh8 20.f6 g6 21.h4 Rae8 22.Rde1 Re6
23.Ne7 Rxe7 24.fxe7 Qxe7 25.g4 Qd7 26.h5 g5 27.Bd5 Re8 28.Rhf1 Re7 29.Bxc6 bxc6
30.Qf5 Qxf5 31.Rxf5 f6 32.Kc1 Kg7 33.Kd1 Kf7 34.b3 Ke6 35.Kd2 Kd5 36.Kd3 Rb7
37.Re4 c5 38.Re1 Rb6 39.Rc1 Rb4 40.a3 c4+ 41.Kd2 Rb6 42.Rb1 Ke4 43.Re1+ Kd5
44.b4 a5 45.Rb1 Ke4 46.Ke2 d3+ 47.cxd3+ cxd3+ 48.Kd1 Bf4 49.Rxa5 Kf3 50.Rd5 d2
51.a4 Kxg4 52.b5 Kf3 53.a5 Rb8 54.b6 g4 55.a6 g3 56.Rxd2 g2 57.Rb3+ Be3 58.Rxg2 Kxg2
59.b7 Ba7 60.Rc3 f5 61.Rc6 f4 62.Rxh6 Rd8+ 63.Kc2 f3 64.Rg6+ Kh3 65.h6 Rf8
66.h7 Rh8 67.Rg7 f2 68.Rf7 Kg2 69.Rg7+ Kf3 70.Rf7+ Ke2 71.Re7+ Kf3 72.Rf7+ Ke4
73.Kd2 Rxh7 74.Rf8 Rh8  0-1

[Event "Classics GM"]
[Site "Gausdal NOR"]
[Date "2002.04.17"]
[Round "8"]
[White "Carlsen,M"]
[Black "Bluvshtein,M"]
[Result "0-1"]
[WhiteElo "2127"]
[BlackElo "2354"]

1.e4 c5 2.Nf3 d6 3.d4 cxd4 4.Nxd4 Nf6 5.Nc3 Nc6 6.Bg5 e5 7.Bxf6 gxf6 8.Nf5 Bxf5
9.exf5 Be7 10.Nd5 O-O 11.c3 Kh8 12.Bd3 Nb8 13.O-O Nd7 14.Be4 Nb6 15.Nxb6 Qxb6
16.Qb3 Qc7 17.Bd5 Bd8 18.Rad1 Qd7 19.Rd3 Qxf5 20.Rf3 Qg6 21.Qxb7 Bb6 22.Be4 Qg4
23.Bxh7 Kxh7 24.Rh3+ Qxh3 25.gxh3 f5 26.Kh1 Rae8 27.Rg1 Bxf2 28.Rg2 Be3 29.Qf3 Bh6
30.Qxf5+ Kh8 31.Qf6+ Kh7 32.Qxd6 e4 33.Rg4 Re6 34.Qc5 e3 35.Qf5+ Kh8 36.Re4 Rg6
37.Rg4 Re6 38.Re4 Rg6 39.Rh4 Kg7 40.Qe5+ Kg8 41.Rg4 Kh7 42.Qe4 Rg8 43.Qf5 Rf8
44.Kg2 Kg7 45.Kf3 Kh8 46.Qe5+ Kh7 47.Qe4 Kh8 48.Ke2 Re6 49.Qd4+ Kh7 50.Qxa7 Rf6
51.Qd4 Rf2+ 52.Ke1 Re8 53.Qd3+ Kh8 54.Qd6 Kh7 55.Rh4 Re6 56.Qd3+ Kh8 57.Qd4+ Kh7
58.Qd3+ Kh8 59.Rxh6+ Rxh6 60.Qxe3 Rff6 61.Qd4 Kg8 62.a4 Re6+ 63.Kf2 Ref6+
64.Kg3 Rhg6+ 65.Kh4 Rd6 66.Qe4 Rde6 67.Qa8+ Kg7 68.Qd5 Re2 69.Qd4+ Kh7 70.Qf4 Kg8
71.Qb8+ Kg7 72.Qf4 Reg2 73.Qd4+ Kh7 74.Qe4 Rxb2 75.a5 Rb8 76.a6 Rh8 77.Qe5 Kg8+  0-1

[Event "Classics GM"]
[Site "Gausdal NOR"]
[Date "2002.04.17"]
[Round "8"]
[White "Kulaots,K"]
[Black "Kotronias,V"]
[Result "1/2-1/2"]
[WhiteElo "2531"]
[BlackElo "2568"]

1.e4 c5 2.Nf3 Nc6 3.d4 cxd4 4.Nxd4 Nf6 5.Nc3 d6 6.Bg5 e6 7.Qd2 Be7 8.O-O-O a6
9.f4 Nxd4 10.Qxd4 b5 11.Bxf6 gxf6 12.e5 d5 13.Kb1 Bb7 14.f5 fxe5 15.Qxe5 Bf6
16.Qg3 Qe7 17.fxe6 fxe6 18.Be2 h5 19.a4 d4 20.Bf3 dxc3 21.Qg6+ Qf7 22.Qxf7+ Kxf7
23.Rd7+ Kg6 24.Bxb7 Rad8 25.Be4+ Kh6 26.Rf7 Rdf8 27.Rxf8 Rxf8  1/2-1/2

[Event "9th Hotel Opatija IM"]
[Site "Kastav CRO"]
[Date "2002.04.17"]
[Round "8"]
[White "Zelenika,S"]
[Black "Kiss,At"]
[Result "1/2-1/2"]
[WhiteElo "2388"]
[BlackElo "2366"]

1.e4 c5 2.Nf3 Nc6 3.d4 cxd4 4.Nxd4 Nf6 5.Nc3 d6 6.Bg5 e6 7.Qd2 Be7 8.O-O-O O-O
9.f4 Nxd4 10.Qxd4 a6 11.Be2 b5 12.Bf3 Bb7 13.Rhe1 Rc8 14.Kb1 Rc4 15.Qd3 Qc7
16.e5 Bxf3 17.Qxf3 Ne8 18.Bxe7 Qxe7 19.exd6 Nxd6 20.f5 Rd8 21.fxe6 fxe6 22.Nd5 Qf7
23.Qxf7+ Kxf7 24.Rf1+ Nf5 25.Ne3 Rxd1+ 26.Nxd1 Kg6 27.Kc1 h5 28.c3 Rh4 29.h3 Re4
30.Kd2 Kg5 31.Rf3 Rf4 32.Ke2 g6 33.Nf2 Ra4 34.a3 e5 35.Rd3 e4 36.Rd8 Kf4
37.Rg8 Ng3+ 38.Ke1 g5 39.Rf8+ Ke5 40.Nd1 Rc4 41.Re8+ Kf6 42.Kf2 h4 43.Ne3 Rc6
44.Nd5+ Kg7 45.Re5 Kh6 46.Ke3 Rd6 47.Kd4 Rc6 48.Ke3 Rd6 49.Kd4 Rc6  1/2-1/2

[Event "chJ-POL b20"]
[Site "Trzebinia POL"]
[Date "2002.04.17"]
[Round "8"]
[White "Gajewski,G"]
[Black "Zawadzki,S"]
[Result "1/2-1/2"]
[WhiteElo "2362"]
[BlackElo "2407"]

1.e4 c5 2.Nf3 d6 3.d4 cxd4 4.Nxd4 Nf6 5.Nc3 Nc6 6.Bg5 e6 7.Qd2 a6 8.O-O-O h6
9.Bf4 Bd7 10.Nxc6 Bxc6 11.f3 d5 12.Qe1 Bb4 13.a3 Ba5 14.exd5 Nxd5 15.b4 Nxf4
16.Rxd8+ Bxd8 17.Ne4 O-O 18.g3 Nd5 19.c4 Nc7 20.Bd3 Be7 21.Qe2 b5 22.Nc3 bxc4
23.Bxc4 a5 24.b5 Bxa3+ 25.Kc2 Bb7 26.Rd1 Rfc8 27.Rd7 Bb4 28.b6 Nd5 29.Rxb7 Nxc3
30.Qd3 Nb5 31.Kb2 Nd6 32.Ba6 Rc3 33.Ra7 Rb8 34.Qd4 e5 35.Qxe5 Rxb6 36.Ra8+ Kh7
37.Qxc3 Bxc3+ 38.Kxc3 g6 39.Bd3 Nb7 40.Be4 Nd6 41.Rxa5  1/2-1/2

[Event "TUR-BUL Chess Summit"]
[Site "Istanbul TUR"]
[Date "2002.04.25"]
[Round "1"]
[White "Atakisi,U"]
[Black "Radulov,I"]
[Result "1-0"]
[WhiteElo "2358"]
[BlackElo "2368"]

1.e4 c5 2.Nf3 Nc6 3.d4 cxd4 4.Nxd4 Nf6 5.Nc3 d6 6.Bg5 e6 7.Qd2 a6 8.O-O-O h6
9.Bf4 Bd7 10.Nxc6 Bxc6 11.Qe1 Qc7 12.Nd5 Bxd5 13.exd5 e5 14.Kb1 Be7 15.Be3 O-O-O
16.Rd3 Kb8 17.Rb3 Rc8 18.Bxa6 Qxc2+ 19.Ka1 Rc7 20.Bd3 Qxb3 21.axb3 Nxd5 22.Ba7+ Kxa7
23.Qa5+ Kb8 24.Qxd5 Rf8 25.b4 f5 26.Kb1 e4 27.Bb5 Bg5 28.h4 Bf4 29.g3 Be5
30.Rc1 Rxc1+ 31.Kxc1 f4 32.Qxe4 fxg3 33.fxg3 Bxg3 34.Be2 Rf4 35.Qe8+ Kc7
36.Qe7+ Kc8 37.Bg4+ Kb8 38.Qxd6+ Ka8 39.Qd8+ Ka7 40.Qa5+ Kb8 41.Qe5+  1-0

[Event "ch-UKR"]
[Site "Alushta UKR"]
[Date "2002.05.07"]
[Round "5"]
[White "Bodnar,N"]
[Black "Savvopulo,A"]
[Result "1-0"]
[WhiteElo "2404"]
[BlackElo "2204"]

1.e4 c5 2.Nf3 Nc6 3.d4 cxd4 4.Nxd4 Nf6 5.Nc3 d6 6.Bg5 Qa5 7.Bxf6 gxf6 8.Qd2 Nxd4
9.Qxd4 Bd7 10.O-O-O Bg7 11.f4 Qc5 12.Qxc5 dxc5 13.Nb5 Kd8 14.Nc3 Kc8 15.Bb5 Rd8
16.Rd5 Bxb5 17.Rxd8+ Kxd8 18.Nxb5 Kd7 19.Rd1+ Kc8 20.Nc3 Bh6 21.g3 e6 22.Rd3 a6
23.Kd1 b5 24.Ke2 Kc7 25.Kf3 Rd8 26.Rxd8 Kxd8 27.a4 b4 28.Nd1 Kc7 29.Ne3 Bg7
30.b3 Kd7 31.Nc4 Kc6 32.Ke3 Kc7 33.Kd3 Kc6 34.Ne3 Kd6 35.Kc4 Kc6 36.Ng4 Kd6
37.h4 Kc6 38.h5 h6 39.Nf2 Bf8 40.Nd3 Kb6 41.g4 Be7 42.e5 fxe5 43.Nxe5 f6
44.Ng6 Bd8 45.Nf8 e5 46.fxe5 fxe5 47.Nd7+ Kc7 48.Nxe5 Be7 49.Kd5 Bf8 50.a5 Bd6
51.Nd3 c4 52.bxc4  1-0

[Event "ch-UKR"]
[Site "Alushta UKR"]
[Date "2002.05.07"]
[Round "5"]
[White "Fedorchuk,S"]
[Black "Sharapov,E"]
[Result "1-0"]
[WhiteElo "2526"]
[BlackElo "2370"]

1.e4 c5 2.Nf3 d6 3.d4 cxd4 4.Nxd4 Nf6 5.Nc3 Nc6 6.Bg5 e6 7.Qd2 Be7 8.O-O-O O-O
9.f3 Qb6 10.Be3 Qc7 11.g4 a6 12.h4 b5 13.Kb1 Ne5 14.Qg2 b4 15.Nce2 Bb7 16.g5 Nh5
17.Ng3 Nxg3 18.Qxg3 Rfc8 19.h5 Nxf3 20.Qxf3 e5 21.Bd3 exd4 22.Bxd4 Bxg5 23.Rdg1 Qe7
24.Qf5 f6 25.e5 dxe5 26.Qxh7+ Kf7 27.Rxg5 fxg5 28.Rf1+ Ke6 29.Qg6+ Kd5 30.Be3 Rc7
31.Be4+ Kc4 32.Bd5+ Kb5  1-0

[Event "Croatian Cup"]
[Site "Pula CRO"]
[Date "2002.05.08"]
[Round "2"]
[White "Zufic,M"]
[Black "Biliskov,V"]
[Result "1-0"]
[WhiteElo "2310"]
[BlackElo "2335"]

1.e4 c5 2.Nf3 d6 3.d4 cxd4 4.Nxd4 Nf6 5.Nc3 Nc6 6.Bg5 e6 7.Qd2 a6 8.O-O-O h6
9.Be3 Be7 10.f4 Bd7 11.Bd3 b5 12.Kb1 O-O 13.h3 Nxd4 14.Bxd4 Bc6 15.Qe3 Qc7
16.e5 dxe5 17.Bxe5 Qb7 18.Rhg1 b4 19.Ne2 Nd5 20.Qg3 Bf6 21.Bxf6 Nxf6 22.Qe1 Rad8
23.g4 Ne4 24.g5 hxg5 25.fxg5 Nc5 26.Bh7+ Kxh7 27.Qh4+ Kg8 28.Rxd8 Rxd8 29.g6 Rd7
30.Qh7+ Kf8 31.Qh8+ Ke7 32.gxf7 Qa8 33.f8=Q+ Qxf8 34.Rxg7+ Ke8 35.Rg8 Rd1+
36.Nc1 Qxg8 37.Qxg8+ Kd7 38.Qf7+ Kd6 39.Qf8+  1-0

[Event "TCh-NOR Finals"]
[Site "Oslo NOR"]
[Date "2002.05.09"]
[Round "2"]
[White "Hagesaether,H"]
[Black "Gronn,A"]
[Result "0-1"]
[WhiteElo "2256"]
[BlackElo "2310"]

1.e4 c5 2.Nf3 Nc6 3.d4 cxd4 4.Nxd4 Nf6 5.Nc3 d6 6.Bg5 e6 7.Bb5 Bd7 8.Bxc6 bxc6
9.Qf3 h6 10.Bh4 Qb6 11.O-O-O Be7 12.e5 dxe5 13.Nb3 Qb4 14.Bxf6 gxf6 15.Qh5 Rd8
16.Rhe1 f5 17.Kb1 Qh4 18.Qe2 e4 19.f3 exf3 20.gxf3 Bf6 21.Qa6 Qf2 22.Re2 Qb6
23.Qc4 O-O 24.Qf4 Kh7 25.Ne4 Be7 26.Ng3 Bc8 27.Rde1 Bg5 28.Qe5 f6 29.Qc3 e5
30.f4 Bxf4 31.Nh5 Bg5 32.Rh1 Qb5 33.Ree1 Bh4 34.Reg1 Rg8 35.Qe3 Qb6 36.Nc5 Qc7
37.Qh3 Bg5 38.Qb3 Qe7 39.h4 Bxh4 40.Ng3 Bg5 41.Qc3 Bd2 42.Qc4 Rg4 43.Qf1 Qxc5
44.Nxf5 Rxg1 45.Rxg1 Bg5  0-1

[Event "FSGM May"]
[Site "Budapest HUN"]
[Date "2002.05.12"]
[Round "9"]
[White "Rajlich,V"]
[Black "Balogh,C"]
[Result "1/2-1/2"]
[WhiteElo "2377"]
[BlackElo "2413"]

1.e4 c5 2.Nf3 Nc6 3.d4 cxd4 4.Nxd4 Nf6 5.Nc3 d6 6.Bg5 e6 7.Qd2 Be7 8.O-O-O Nxd4
9.Qxd4 O-O 10.f4 Qa5 11.Bc4 Bd7 12.e5 dxe5 13.fxe5 Bc6 14.Bd2 Nd7 15.Nd5 Qd8
16.Nxe7+ Qxe7 17.Rhe1 Rfd8 18.Qg4 Nf8 19.Bd3 Rd5 20.g3 Ng6 21.Bc3 Qc7 22.h4 Nxe5
23.Bxh7+ Kxh7 24.Qh5+ Kg8 25.Rxd5 Bxd5 26.Bxe5 Qd8 27.Rf1 Qe7 28.Qg4 f5 29.Qg6 Bc6
30.Qh5 Rc8 31.Re1 Be4 32.Bc3 b5 33.a3 a5 34.Qg6 b4 35.axb4 axb4 36.Bxg7 Qf7
37.Qxf7+ Kxf7 38.Be5 Rc5 39.Bd4 Rxc2+ 40.Kd1 Rc4 41.Be5 Rc5 42.Bf4 e5 43.Bg5 b3
44.Re3 Bc2+ 45.Kd2 Rd5+ 46.Kc3 Kg6 47.Kc4 Ra5 48.Kb4 Rd5 49.Kc4 Ra5 50.Kb4 Ra2
51.Kc3 e4 52.Bf4 Ra1 53.Kb4 Kh5 54.Rc3 Rb1 55.Ka3 Ra1+ 56.Kb4 Ra2 57.Rc5 Rxb2
58.Kc3 Rb1 59.Rxf5+ Kg4 60.Rb5 Kf3 61.Re5 Re1 62.h5 e3 63.Rxe3+  1/2-1/2

[Event "Open"]
[Site "Pula CRO"]
[Date "2002.05.17"]
[Round "7"]
[White "Molnar,Be"]
[Black "Bakre,T"]
[Result "1-0"]
[WhiteElo "2318"]
[BlackElo "2458"]

1.e4 c5 2.Nf3 d6 3.d4 cxd4 4.Nxd4 Nf6 5.Nc3 Nc6 6.Bg5 a6 7.Qd2 Qb6 8.O-O-O e6
9.Nb3 Qc7 10.f3 Rb8 11.Kb1 b5 12.h4 h5 13.Bd3 Bd7 14.Rhf1 Be7 15.Ne2 a5 16.Ned4 Nxd4
17.Nxd4 b4 18.Qe2 a4 19.Bc4 g6 20.Qd3 O-O 21.g4 d5 22.exd5 exd5 23.Ba6 Qd6
24.gxh5 Nxh5 25.Rg1 Bxg5 26.Rxg5 Nf4 27.Nf5 Qf6 28.Qd4 Qxd4 29.Nxd4 Kg7 30.Ne2 Ne6
31.Rgxd5 Bc6 32.Re5 Bxf3 33.Rf1 Bc6 34.Bc4 Bd7 35.h5 gxh5 36.Ng3 Rh8 37.Nxh5+ Kf8
38.Ref5 Rxh5 39.Rxh5 Ke7 40.Rhf5 Rf8 41.b3 axb3 42.axb3 f6 43.Bxe6 Bxe6 44.Rb5  1-0

[Event "Open"]
[Site "Pula CRO"]
[Date "2002.05.17"]
[Round "7"]
[White "Dilic,R"]
[Black "Kutuzovic,B"]
[Result "0-1"]
[WhiteElo "2238"]
[BlackElo "2406"]

1.e4 c5 2.Nf3 d6 3.d4 cxd4 4.Nxd4 Nf6 5.Nc3 Nc6 6.Bg5 e6 7.Qd2 a6 8.O-O-O Bd7
9.f4 b5 10.Bxf6 gxf6 11.g3 Qb6 12.Kb1 Rc8 13.Nxc6 Qxc6 14.Bg2 b4 15.Ne2 a5
16.Nd4 Qb6 17.Rhf1 Bg7 18.Rf3 Ke7 19.e5 d5 20.f5 Rhf8 21.Qf2 Qc5 22.fxe6 fxe6
23.exf6+ Bxf6 24.Nb3 Qxf2 25.Rxf2 a4 26.Nc1 a3 27.bxa3 bxa3 28.Rdf1 Bb5 29.Rd1 Rb8
30.Nb3 Bc3 31.Rf3 Rxf3 32.Bxf3 Rf8 33.Bg4 Rf2 34.Nd4 Bxd4 35.Rxd4 Rxh2 36.Bf3 Rf2
37.Bd1 Rf1 38.Rd2 Be2  0-1

[Event "Open A"]
[Site "Ostrava CZE"]
[Date "2002.05.18"]
[Round "1"]
[White "Nabelek,M"]
[Black "Firt,S"]
[Result "0-1"]
[WhiteElo "2099"]
[BlackElo "2366"]

1.e4 c5 2.Nf3 d6 3.d4 cxd4 4.Nxd4 Nf6 5.Nc3 Nc6 6.Bg5 e6 7.Qd2 a6 8.O-O-O Bd7
9.f4 b5 10.Nxc6 Bxc6 11.e5 dxe5 12.Qxd8+ Rxd8 13.Rxd8+ Kxd8 14.fxe5 h6 15.Bxf6+ gxf6
16.exf6 Rg8 17.a4 bxa4 18.Bxa6 Rxg2 19.Rf1 Rxh2 20.Nb5 Rh1 21.Nd4 Rxf1+ 22.Bxf1 Bd7
23.Nb5 h5 24.Kd1 h4 25.Ke1 Bc5 26.c3 h3 27.c4 h2 28.Bg2 Bxb5 29.cxb5 Bd4
30.Kd2 Kc7 31.Kc2 Bxf6 32.Kb1 Kb6 33.Ka2 Be7 34.b3 a3  0-1

[Event "Open"]
[Site "Pula CRO"]
[Date "2002.05.18"]
[Round "8"]
[White "Bakre,T"]
[Black "Levar,N"]
[Result "0-1"]
[WhiteElo "2458"]
[BlackElo "2241"]

1.e4 c5 2.Nf3 Nc6 3.d4 cxd4 4.Nxd4 Nf6 5.Nc3 d6 6.Bg5 e6 7.Qd2 a6 8.O-O-O Bd7
9.f4 b5 10.Bxf6 gxf6 11.Kb1 Qb6 12.Nce2 Rc8 13.g3 h5 14.Bh3 Na5 15.Qe1 Nc4
16.Rd3 b4 17.Nf3 a5 18.Ned4 a4 19.Rf1 Bg7 20.Rf2 O-O 21.g4 hxg4 22.Bxg4 Rfe8
23.Rg2 Kf8 24.Bh5 Bh8 25.Qh4 Ke7 26.Bxf7 Rf8 27.Bg8 Rxg8 28.Qh7+ Bg7 29.Rxg7+ Rxg7
30.Qxg7+ Kd8 31.Qxf6+ Kc7 32.Nxe6+ Kb8 33.Ned4 Bg4 34.Qh4 Bxf3 35.Nxf3 Na3+
36.bxa3 bxa3+ 37.Kc1 Qb2+ 38.Kd2 Rxc2+ 39.Ke1 Qc1+  0-1

[Event "Tanta Open"]
[Site "Tanta City EGY"]
[Date "2002.05.19"]
[Round "6"]
[White "El Arousy,A"]
[Black "Sameeh,H"]
[Result "1/2-1/2"]
[WhiteElo "2293"]
[BlackElo "2333"]

1.e4 c5 2.Nf3 d6 3.d4 cxd4 4.Nxd4 Nf6 5.Nc3 Nc6 6.Bg5 e6 7.Qd2 a6 8.O-O-O Bd7
9.f4 b5 10.Nxc6 Bxc6 11.Qe1 Qa5 12.Bxf6 gxf6 13.Kb1 h5 14.Bd3 O-O-O 15.Qh4 Be7
16.f5 Rdg8 17.Qf2 Kb7 18.Rhe1 Bd8 19.a3 Qb6 20.Qf3 Qc5 21.Na2 a5 22.g3 h4
23.g4 h3 24.Bf1 Rh4 25.Bxh3 Rgh8 26.Bg2 Rxh2 27.Rh1 Rxh1 28.Bxh1 Rh2 29.Qd3 Bb6
30.Nc1 Qc4 31.Qxc4 bxc4 32.b3 c3 33.Rf1 Bd4 34.a4 Kb6 35.Bf3 Bb7 36.Rd1 Rd2
37.Rf1 Ba6 38.Re1 Bf2 39.Rh1 Bg3 40.Rg1 Be5 41.Re1 Rf2 42.Be2 Bxe2 43.Nxe2 Rg2
44.b4 Rxg4 45.fxe6 fxe6 46.Nc1 axb4 47.Ka2 Bf4 48.Nd3 Bd2 49.Re2 Ka5 50.Kb3 Rg1
51.Rh2 Rg4 52.Rh8 Rxe4 53.Ra8+ Kb6 54.Nxb4 Kb7 55.Rf8 Kb6 56.Rxf6 Be3 57.Rf8 Bc5
58.Rb8+ Ka7 59.Nc6+ Ka6 60.Rb5 Rf4 61.Nb8+ Ka7 62.Nc6+ Ka6 63.Nb8+ Ka7 64.Nc6+  1/2-1/2

[Event "V It"]
[Site "Santo Antonio POR"]
[Date "2002.05.20"]
[Round "1"]
[White "Campora,D"]
[Black "Fernando,D"]
[Result "1/2-1/2"]
[WhiteElo "2544"]
[BlackElo "2383"]

1.e4 c5 2.Nf3 d6 3.d4 Nf6 4.Nc3 cxd4 5.Nxd4 Nc6 6.Bg5 e6 7.Qd2 a6 8.O-O-O Bd7
9.f4 h6 10.Bh4 Nxe4 11.Qe1 Nf6 12.Nf5 Qa5 13.Nxd6+ Bxd6 14.Rxd6 O-O-O 15.Bxf6 gxf6
16.Be2 Ne7 17.Qd2 Qc7 18.Rd3 Bc6 19.Rg1 Qb6 20.Qe3 Qxe3+ 21.Rxe3 h5 22.Rd3 h4
23.Rxd8+ Kxd8 24.Bd3 Rg8 25.g3 hxg3 26.hxg3 f5 27.b4 Rh8 28.a4 Rh2 29.Kb2 Kc7
30.Kb3 Bg2 31.Kc4 Ng8 32.a5 Nf6 33.b5 axb5+ 34.Nxb5+ Kc6 35.Kd4 Nh5 36.Ra1 Nxg3
37.a6 bxa6 38.Rxa6+ Kb7 39.Ra7+ Kb6 40.Rxf7 Be4 41.Nc7 Bxd3 42.cxd3 Re2 43.Re7 Kc6
44.Nxe6 Kd6 45.Rg7 Kxe6 46.Rg6+ Kf7 47.Rxg3 Ra2 48.Rg1 Ra4+ 49.Ke3 Ke6 50.Rg6+ Kf7
51.Rc6 Ke7 52.Rc4 Ra1 53.Kd4 Kd6 54.Rb4 Rf1 55.Ke3 Re1+ 56.Kd2 Rf1 57.Ke2 Ra1
58.Rb6+ Ke7 59.Ke3 Ra4 60.Rc6 Rb4 61.Rc4 Rb1 62.Kd4 Kd6 63.Ra4 Rb6 64.Kc3 Rc6+
65.Kd2 Rb6 66.Ra5 Ke6 67.Ke3 Rc6 68.Kd4 Rd6+ 69.Kc4 Rc6+ 70.Rc5 Ra6 71.Re5+ Kf6
72.Rb5 Ra4+ 73.Rb4 Ra3 74.Kd4 Ke6 75.Rb6+ Ke7 76.Rc6 Ra4+ 77.Rc4 Ra3 78.Rb4 Kd6
79.Kc4 Ra1 80.Rb6+ Ke7 81.Rb5 Ra4+ 82.Rb4 Ra3 83.Kd4 Kd6 84.Rb6+ Ke7 85.Rb5 Ke6
86.Re5+ Kf6 87.Ke3 Ra4 88.d4 Ra3+ 89.Ke2 Ra2+ 90.Kf3 Ra3+ 91.Re3 Ra4 92.Rd3 Ke6
93.Kg3 Kd5 94.Re3 Rxd4 95.Re5+ Kd6 96.Rxf5 Ke6  1/2-1/2

[Event "Spring"]
[Site "Tel Aviv ISR"]
[Date "2002.05.22"]
[Round "3"]
[White "Kaplivatski,A"]
[Black "Lerner,K"]
[Result "0-1"]
[WhiteElo "2234"]
[BlackElo "2559"]

1.e4 c5 2.Nf3 d6 3.d4 cxd4 4.Nxd4 Nf6 5.Nc3 Nc6 6.Bg5 e6 7.Qd2 a6 8.O-O-O h6
9.Bf4 Bd7 10.Nb3 Ne5 11.f3 Qc7 12.Be2 b5 13.Qd4 Rc8 14.Be3 Be7 15.g4 d5 16.f4 Nc4
17.exd5 Nxe3 18.Qxe3 b4 19.Bxa6 bxc3 20.Bxc8 cxb2+ 21.Kxb2 Bxc8 22.dxe6 fxe6
23.Qe5 Qxe5+ 24.fxe5 Nxg4 25.Rhg1 Ne3 26.Rd4 O-O 27.Re4 Nd5 28.Rg2 Bb7 29.Rd2 Ra8
30.Red4 Ba3+ 31.Ka1 Bb4 32.R2d3 Bc3+ 33.Kb1 Bxd4 34.Nxd4 Nf4 35.Rc3 Bd5 36.a3 Ra4  0-1

[Event "IHEM"]
[Site "Hamburg GER"]
[Date "2002.05.23"]
[Round "6"]
[White "Rausis,I"]
[Black "Lanka,Z"]
[Result "1/2-1/2"]
[WhiteElo "2478"]
[BlackElo "2503"]

1.e4 c5 2.Nf3 Nc6 3.d4 cxd4 4.Nxd4 Nf6 5.Nc3 d6 6.Bg5 e6 7.Qd2 a6 8.O-O-O h6
9.Bf4 Bd7 10.Nxc6 Bxc6 11.f3 d5 12.Qe1 Bb4 13.a3 Ba5 14.b4 Bb6 15.exd5 Bxd5
16.Be5 O-O 17.Qh4 Be3+ 18.Kb2 Bg5 19.Qd4 Bc6 20.a4 Qxd4  1/2-1/2

[Event "Open A"]
[Site "Ostrava CZE"]
[Date "2002.05.23"]
[Round "7"]
[White "Toman,J"]
[Black "Vratny,R"]
[Result "1/2-1/2"]
[WhiteElo "2112"]
[BlackElo "2144"]

1.e4 c5 2.Nf3 Nc6 3.d4 cxd4 4.Nxd4 Nf6 5.Nc3 d6 6.Bg5 e6 7.Qd2 Be7 8.O-O-O a6
9.f4 O-O 10.Nf3 Qa5 11.Bc4 b5 12.Bb3 b4 13.Bxf6 gxf6 14.Ne2 Qc5 15.Ned4 a5
16.Ba4 Bb7 17.f5 Nxd4 18.Qxd4 Rfc8 19.Rhe1 Qxd4 20.Rxd4 Rc5 21.Nd2 Bf8 22.g4 e5
23.Rd3 Rac8 24.Nf1 d5 25.exd5 Bxd5 26.Kb1 Bc4 27.Rd7 R5c7 28.Ne3 Bh6  1/2-1/2

[Event "V It"]
[Site "Santo Antonio POR"]
[Date "2002.05.23"]
[Round "4"]
[White "Spraggett,K"]
[Black "Fernando,D"]
[Result "1-0"]
[WhiteElo "2515"]
[BlackElo "2383"]

1.e4 c5 2.Nf3 d6 3.d4 cxd4 4.Nxd4 Nf6 5.Nc3 Nc6 6.Bg5 e6 7.Qd2 Qb6 8.Nb3 a6
9.Be2 Qc7 10.f4 b5 11.Bf3 Bb7 12.O-O-O Be7 13.Bxf6 gxf6 14.Kb1 Qb6 15.Rhe1 b4
16.Nd5 exd5 17.exd5 Nb8 18.Re3 Bc8 19.Rde1 Ra7 20.Qe2 Qd8 21.Nd4 Rg8 22.Be4 Bg4
23.Qf2 Qa5 24.h3 Bc8 25.Bxh7 Rg7 26.Bf5 Qxd5 27.Bxc8 Qxg2 28.Qxg2 Rxg2 29.Bg4 d5
30.Nf5 Nc6 31.Bf3  1-0

[Event "IHEM"]
[Site "Hamburg GER"]
[Date "2002.05.24"]
[Round "7"]
[White "Handke,F"]
[Black "Lanka,Z"]
[Result "1-0"]
[WhiteElo "2427"]
[BlackElo "2503"]

1.e4 c5 2.Nf3 Nc6 3.d4 cxd4 4.Nxd4 Nf6 5.Nc3 d6 6.Bg5 e6 7.Qd2 a6 8.O-O-O h6
9.Nxc6 bxc6 10.Bf4 d5 11.Qe3 Bb4 12.Be2 Qa5 13.Be5 Bxc3 14.Bxc3 Qxa2 15.exd5 cxd5
16.b3 Bd7 17.Bf3 Rc8 18.g4 O-O 19.Rhg1 Nh7 20.h4 f6 21.Be4 dxe4 22.Rxd7 Rf7
23.Rd4 Qa3+ 24.Kb1 Rb7 25.Qxe4 Qe7 26.Bb4 Qf7 27.Rgd1 Nf8 28.Rd8 Rbb8 29.Rxc8 Rxc8
30.Rd6 h5 31.Rxa6 hxg4 32.Qxg4 Re8 33.Qe4 e5 34.Ra8 Ne6 35.Rxe8+ Qxe8 36.Kb2 Kh8
37.Bc3 Nf4 38.Bd2 Ne6 39.Be3 Qf7 40.b4 Qd7 41.h5 Qb5 42.Kb3 Qe8 43.Qg6 Qg8
44.Kb2 Qb8 45.c3 Qb5 46.h6 Qe2+ 47.Ka3 Qc4 48.Bd2 Qd5 49.hxg7+ Nxg7 50.Bh6 Ne6
51.Qxf6+ Kh7 52.Be3 Qa8+ 53.Kb2 Qd5 54.Qf7+ Kh8 55.Bg5  1-0

[Event "TCh-BIH"]
[Site "Neum BIH"]
[Date "2002.06.05"]
[Round "6"]
[White "Lekic,D"]
[Black "Damljanovic,B"]
[Result "1/2-1/2"]
[WhiteElo "2410"]
[BlackElo "2548"]

1.e4 c5 2.Nf3 Nc6 3.d4 cxd4 4.Nxd4 Nf6 5.Nc3 d6 6.Bg5 e6 7.Qd2 Be7 8.O-O-O O-O
9.f4 h6 10.Bh4 Bd7 11.Nf3 Qa5 12.Kb1 Rfc8 13.Bd3 b5 14.g4 b4 15.Ne2 d5 16.Bxf6 Bxf6
17.e5 Bd8 18.g5 b3 19.cxb3 Qxd2 20.Rxd2 hxg5 21.fxg5 Rcb8 22.Rc1 Bb6 23.Rf1 Be3
24.Rdd1 g6 25.h4 Kg7 26.Bc2 Rh8 27.a3 a5 28.Rd3 Bb6 29.Nf4 Ne7 30.a4 Nf5
31.Rh1 Ng3 32.Rh3 Ne4 33.Rh2  1/2-1/2

[Event "FSIM June"]
[Site "Budapest HUN"]
[Date "2002.06.09"]
[Round "9"]
[White "Lengyel,B"]
[Black "Kongsted,C"]
[Result "0-1"]
[WhiteElo "2354"]
[BlackElo "2213"]

1.e4 c5 2.Nf3 d6 3.d4 cxd4 4.Nxd4 Nf6 5.Nc3 Nc6 6.Bg5 e6 7.Bb5 Qb6 8.Bxf6 gxf6
9.Nb3 a6 10.Be2 Qc7 11.O-O b6 12.f4 Be7 13.Kh1 Bb7 14.Bh5 Bf8 15.Rf3 O-O-O
16.Nd5 exd5 17.exd5 Ne5 18.fxe5 dxe5 19.Rc3 Bc5 20.Nd2 Rxd5 21.b4 Rhd8 22.Qg4+ Kb8
23.Nb3 Qc6 24.bxc5 Rd1+  0-1

[Event "3rd IECC"]
[Site "Batumi GEO"]
[Date "2002.06.12"]
[Round "1"]
[White "Asrian,K"]
[Black "Arutunian,D"]
[Result "1-0"]
[WhiteElo "2591"]
[BlackElo "2427"]

1.e4 c5 2.Nf3 Nc6 3.d4 cxd4 4.Nxd4 Nf6 5.Nc3 d6 6.Bg5 e6 7.Qd2 a6 8.O-O-O Bd7
9.f4 Qc7 10.Nf3 O-O-O 11.Bd3 Be7 12.Rhe1 h6 13.Bh4 Kb8 14.e5 dxe5 15.fxe5 Nd5
16.Nxd5 exd5 17.Bxe7 Nxe7 18.Qf4 Be6 19.Qg3 d4 20.a3 Qc5 21.Nd2 Nd5 22.Ne4 Qa5
23.Nd6 Nc3 24.Rd2 Nb1 25.Kxb1 Qxd2 26.Nxf7 g5 27.Nxh8 Rxh8 28.Rf1 Re8 29.Qf2 Qe3
30.Qf6 Ka7 31.Bg6 d3 32.Bxd3 Bd5 33.Qf2 Qxf2 34.Rxf2 Rxe5 35.Kc1 Kb6 36.Kd2 Re6
37.g3 Kc7 38.c4 Bc6 39.Rf7+ Kd6 40.b4 a5 41.Kc3 axb4+ 42.axb4 b6 43.Kd4 Be8
44.Ra7 Re1 45.c5+ bxc5+ 46.bxc5+ Ke6 47.Ra6+ Ke7 48.Rxh6  1-0